000 00958nam a2200217Ii 4500
003 JO-AjNU
008 230605s9999||||xx |||||||||||||| ||und||
017 _a1995/7/742
040 _aJO-AjNU
_bara
_erda
_cJO-AjNU
041 _aara
050 1 4 _aBP180.M34 1995
100 3 _aالمجمع الملكي لبحوث الحضارة الإسلامية (مؤسسة آل البيت),
_eauthor
_940970
245 0 0 _aالموجز في الزكاة والتكافل الأجتماعي في الإسلام
264 3 1 _aعمان: المجمع الملكي لبحوث الحضارة الاسلامية(مؤسسة آل البيت)، 1995
300 _a131ص
336 _atext
_btxt
_2rdacontent
337 _aunmediated
_bn
_2rdamedia
338 _avolume
_bnc
_2rdacarrier
490 0 _aسلسلة ندوات الحوار بين المسلمين
650 4 _aالزكاة- التكافل الاجتماعي في الاسلام- الفقه الاسلامي
_940971
999 _aA17429
_c20997
_d20997